000
00250nam a22001217a 4500
082
_a
891.4392
100
_a
Naseem Hajazi
245
_a
Shaheen
260
_a
Lahore
_b
Jahangir Publisher
_c
2010.
300
_b
22cm
500
_a
Hardcover.
942
_c
BK
999
_c
33070
_d
33070